书目信息 |
| 题名: |
现代化工数学
|
|
| 作者: | 陈宁馨 编著 | |
| 分册: | ||
| 出版信息: | 北京 化学工业出版社 1982.11 |
|
| 页数: | 686页 | |
| 开本: | 21cm | |
| 丛书名: | ||
| 单 册: | ||
| 中图分类: | TQ011 | |
| 科图分类: | ||
| 主题词: | 化学工业--基础理论 | |
| 电子资源: | ||
| ISBN: | ||
| 000 | 00517nam0 2200193 45 | |
| 001 | 0181011237 | |
| 005 | 20060104154339.18 | |
| 010 | @dCNY3.00 | |
| 091 | @a15063.3335 | |
| 100 | @a20810111d km y0chiy0120 ea | |
| 101 | 0 | @achi |
| 200 | 1 | @a现代化工数学@Axian dai hua gong shu xue@f陈宁馨编著@Fcheng ning xin |
| 210 | @a北京@c化学工业出版社@d1982.11 | |
| 215 | @a686页@d21cm | |
| 606 | 0 | @a化学工业@x基础理论 |
| 690 | @aTQ011 | |
| 701 | 0 | @a陈宁馨@4编著 |
| 801 | @aCN@bTSTC@c20060104 | |
| 905 | @dTQ011@f1@b80321@e4 | |
| 现代化工数学/陈宁馨编著.-北京:化学工业出版社,1982.11 |
| 686页;21cm |
| ISBN :CNY3.00 |
| ● |
| 相关链接 |
|
|
|
|
正题名:现代化工数学
索取号:TQ011/4
 
预约/预借
| 序号 | 登录号 | 条形码 | 馆藏地/架位号 | 状态 | 备注 |
| 1 | 0080321 | 001645795 | 第三借阅区/ [索取号:TQ011/4] | 在馆 | |
| 2 | 0080322 | 202184867 | 密集书库/ [索取号:TQ011/4] | 在馆 | |
| 3 | 0080323 | 001645633 | 第二样本阅览室/ [索取号:TQ011/4] | 在馆 |